000 00687nam a2200289Ia 4500
005 20260324140205.0
008 008 260324s9999 xx 000 0 eng d
020 _a9780203055311
037 _aEBOOK
040 _aCRL
040 _beng
040 _cCRL
041 _2eng
041 _aeng
084 _qCRL
100 _aYuko Kurahashi
_91203470
245 0 _aAsian American Culture on Stage
245 4 _bThe History of the East West Players
260 _bTaylor and Francis
260 _c1999
365 _a
365 _b240
856 _uhttp://www.taylorfrancis.com/books/9780203055311
942 _cEBOOK
999 _c1805260
_d1805260